| 000 | 01006nas a2200289 4500 | ||
|---|---|---|---|
| 001 | BR8400916 | ||
| 003 | BR-BrBNA | ||
| 005 | 20231205085812.0 | ||
| 007 | ta | ||
| 008 | 230509b bl.|||p| |||| 00| 00por d | ||
| 040 |
_aBR-BrBNA _bpor _cBiblioteca Nacional de Agricultura |
||
| 041 | _a(Pt) | ||
| 072 | _aL10; L50 | ||
| 100 | 1 | _aSilva, L.O.C. | |
| 100 | 1 | _aMilagres, J.C. | |
| 100 | 1 | _aSilva, M. de A. | |
| 100 | 1 | _aRegazzi, A.J. | |
| 100 | 1 | _aEuclides, R.F. | |
| 245 | 1 |
_aAnalise genetica de pesos de animais nelore em varias idades [hereditariedade, Minas Gerais, Brasil] _bParte de tese |
|
| 246 | 1 |
_a[Genetic analysis of nelore animals weight at various ages [heritability, Minas Gerais, Brazil]] _b[Part of thesis] |
|
| 650 | _aGENETICA ANIMAL | ||
| 650 | _aGADO NELORE | ||
| 650 | _aPESO | ||
| 773 | 0 |
_tRevista da Sociedade Brasileira de Zootecnia (Brazil) _xISSN 0100-4859 _g(1983), v. 12(2) p. 177-186 _wBR8400916 |
|
| 909 |
_a202311 _bLúcia _c55 _dLúcia Elande |
||
| 942 |
_2AGRIS _n0 _cANA |
||
| 999 |
_c113921 _d113921 |
||